The Courtesan's Revenge (Record no. 576339)

MARC details
000 -LEADER
fixed length control field 01487nam a2200169Ia 4500
008 - FIXED-LENGTH DATA ELEMENTS--GENERAL INFORMATION
fixed length control field 250718s9999 xx 000 0 und d
020 ## - INTERNATIONAL STANDARD BOOK NUMBER
ISBN 9780571205240
082 ## - DEWEY DECIMAL CLASSIFICATION NUMBER
Classification number 941.073092
Item number WIL
100 ## - MAIN ENTRY--AUTHOR NAME
Personal name Wilson, Frances
245 #4 - TITLE STATEMENT
Title The Courtesan's Revenge
260 ## - PUBLICATION, DISTRIBUTION, ETC. (IMPRINT)
Name of publisher Faber & Faber
Year of publication 2003
300 ## - PHYSICAL DESCRIPTION
Number of Pages 363 pages
500 ## - GENERAL NOTE
General note Harriette Wilson was the most desired and the most dangerous woman in Regency London. This highly acclaimed biography reveals for the first time the true story behind her sensational life and scandalous 'Memoirs'. When her former lovers - including much of the British aristocracy - turned against her, she knew exactly how to take revenge . . . 'A wonderful book. Much more than a biography of one attractive, witty woman, it offers a deft analysis of how Britain dealt with celebrity, sex, power and popular journalism in an age that bears remarkable similarities to our own . . . Frances Wilson is not only a first-rate scholar but also a wonderful storyteller who manages to get inside her namesake's famously creamy skin and tell her story with wit and understanding.' Kathryn Hughes, Mail on Sunday 'Lively and stylish . . . Reveals how dangerous the courtesan who operated at the heart of the political world was thought to be.' Anne Sebba, Spectator 'Harriette's story is deftly and stylishly told. It beats most novels with its rich ingredients.' Frances Spalding, Daily Mail
650 ## - SUBJECT ADDED ENTRY--TOPICAL TERM
Topical Term Courtesans
942 ## - ADDED ENTRY ELEMENTS (KOHA)
Koha item type English Books
Holdings
Withdrawn status Lost status Damaged status Not for loan Home library Current library Shelving location Date acquired Full call number Accession Number Price effective from Koha item type
        Anna Centenary Library Anna Centenary Library 7TH FLOOR, B WING 18.07.2025 941.073092 WIL 414173 18.07.2025 English Books

Find us on the map